Economic Growth and Development in West Bengal: Reality Versus Perception (Record no. 223885)

MARC details
000 -LEADER
fixed length control field 00648nam a22002057a 4500
005 - DATE AND TIME OF LATEST TRANSACTION
control field 20220716130308.0
008 - FIXED-LENGTH DATA ELEMENTS--GENERAL INFORMATION
fixed length control field 220716b ||||| |||| 00| 0 eng d
040 ## - CATALOGING SOURCE
Transcribing agency AL
041 ## - LANGUAGE CODE
Language code of text/sound track or separate title English
082 ## - DEWEY DECIMAL CLASSIFICATION NUMBER
Edition number 23
Classification number 338.9
Item number GURE
100 ## - MAIN ENTRY--PERSONAL NAME
Personal name Mohan Guruswamy and others
100 ## - MAIN ENTRY--PERSONAL NAME
9 (RLIN) 50423
245 ## - TITLE STATEMENT
Title Economic Growth and Development in West Bengal: Reality Versus Perception
260 ## - PUBLICATION, DISTRIBUTION, ETC.
Place of publication, distribution, etc. New Delhi
Name of publisher, distributor, etc. Centre For Policy Alternatives
300 ## - PHYSICAL DESCRIPTION
Extent 44 p.
Other physical details PB
Dimensions 21.5x13.5 cm.
650 ## - SUBJECT ADDED ENTRY--TOPICAL TERM
Topical term or geographic name entry element Economic Development
9 (RLIN) 50424
700 ## - ADDED ENTRY--PERSONAL NAME
Personal name GURUSWAMY (Mohan)
9 (RLIN) 50425
700 ## - ADDED ENTRY--PERSONAL NAME
Personal name SHARMA (Kamal)
9 (RLIN) 50426
700 ## - ADDED ENTRY--PERSONAL NAME
Personal name MOHANTY (Jeevan Prakash)
9 (RLIN) 50427
942 ## - ADDED ENTRY ELEMENTS (KOHA)
Source of classification or shelving scheme Dewey Decimal Classification
Koha item type George Fernandes Collections
Holdings
Withdrawn status Lost status Source of classification or shelving scheme Damaged status Not for loan Collection code Home library Current library Date acquired Total Checkouts Full call number Barcode Date last seen Price effective from Koha item type
    Dewey Decimal Classification     Economics St Aloysius Library St Aloysius Library 03/23/2013   338.9 GURE GF00805 07/16/2022 07/16/2022 George Fernandes Collections